| 000 | 00397 a2200157 4500 | ||
|---|---|---|---|
| 001 | 64120 | ||
| 020 | _a9788533915626 (broch.) | ||
| 040 | _cAnchieta - Pituba | ||
| 100 | _aVasconcelos, Ana | ||
| 240 | 1 | 0 |
_aManual compacto de filosofia _l |
| 245 | 1 | 0 | _aManual compacto de filosofia |
| 300 | _a276p. | ||
| 362 | 0 | _a2010 | |
| 650 | 4 | _aEducação, pesquisa e tópicos relacionados | |
| 942 | _cBK | ||
| 999 |
_c64120 _d64120 |
||